Normal view MARC view

Entry Nombre personal

Number of records used in: 1

001 - NÚMERO DE CONTROL

  • campo de control: 240600

003 - IDENTIFICADOR DE NÚMERO DE CONTROL

  • campo de control: ES-MaACL

005 - FECHA Y HORA DE LA ÚLTIMA TRANSACCIÓN

  • campo de control: 20250521170845.0

008 - ELEMENTOS DE DATO DE LONGITUD-FIJA

  • campo de control de longitud fija: 901120n| aijnnaabn a aaa

016 ## - NÚMERO DE CONTROL DE UNA AGENCIA BIBLIOGRÁFICA NACIONAL

  • Número de control del registro: BNE19900387154

024 7# - IDENTIFICADOR DE OTROS ESTÁNDARES

  • Número estándar o código: http://viaf.org/viaf/29619736/
  • Fuente: viaf

024 7# - IDENTIFICADOR DE OTROS ESTÁNDARES

  • Número estándar o código: https://isni.org/isni/0000000059535457
  • Fuente: isni

040 ## - FUENTE DE CATALOGACIÓN

  • Centro catalogador/agencia de origen: SpMaBN
  • Lengua de catalogación: spa
  • Centro/agencia transcriptor: SpMaBN
  • Normas de descripción: rdc
  • Convención/Normas de encabezamiento de materia/tesauro: embne

046 ## - FECHAS CON CODIFICACIÓN ESPECIAL

  • Fecha de nacimiento: 1945
  • Fecha de la muerte: 2004

100 1# - ENCABEZAMIENTO-NOMBRE DE PERSONA

  • Nombre de persona: Palanca, Floreal
  • Fechas asociadas al nombre: 1945-2004

377 ## - IDIOMA ASOCIADO

  • Código del idioma: cat
  • Término de lengua/lenguaje: Catalán

400 1# - TRAZADO DE VÉASE--NOMBRE DE PERSONA

  • Nombre de persona: Palanca Vinué, Floreal
  • Fechas asociadas al nombre: 1945-2004

670 ## - FUENTE DE DATOS ENCONTRADOS

  • Cita de la fuente: Els molins, de Floreal Palanca, et al., 1986

670 ## - FUENTE DE DATOS ENCONTRADOS

  • Cita de la fuente: El País, 11-9-2004
  • Información encontrada: (Floreal Palanca Vinué; m. 10-9-2004; profesor del Depto. de Sociología y Antropología de la Universidad de Valencia)

670 ## - FUENTE DE DATOS ENCONTRADOS

  • Cita de la fuente: WWW CGT Catalunya, 17-9-2004
  • Información encontrada: (Floreal Palanca; n. 1945, Montpellier; vivió en Argentina y España)

670 ## - FUENTE DE DATOS ENCONTRADOS

  • Cita de la fuente: WWW BN España aut. ; 21-5-25

856 4# - LOCALIZACIÓN Y ACCESO ELECTRÓNICOS

  • Identificador Uniforme de Recursos: http://dialnet.unirioja.es/servlet/autorExterno/BNE/979795